[Event "DMP-III LIGA Senior PK 2020"]
[Site "Bystre"]
[Date "2020.07.12"]
[Round "9.6"]
[White "Trybowska, Anna"]
[Black "Zgoda, Aleksandra"]
[Result "1/2-1/2"]
[WhiteElo "1583"]
[BlackElo "1203"]
[Annotator "NA RC"]
[PlyCount "100"]
[EventDate "2020.07.05"]
[EventType "team-tourn"]
[EventCountry "POL"]
[SourceTitle "playchess.com"]
[Source "ChessBase"]
[SourceQuality "1"]
[TimeControl "5400+30"]

1. e4 {[%emt 0:00:00]} c5 {[%emt 0:00:00]} 2. c3 {[%emt 0:00:00]} e6 {[%emt 0:00:14]} 3. d4 {[%emt 0:00:00]} cxd4 {[%emt 0:00:58]} 4. cxd4 {[%emt 0:00:09]} Nf6 {[%emt 0:01:06]} 5. Nc3 {[%emt 0:00:42]} d6 {[%emt 0:00:55]} 6. Bg5 {[%emt 0:00:55]} Be7 {[%emt 0:00:57]} 7. Rc1 {[%emt 0:00:52]} Nc6 {[%emt 0:00:51]} 8. d5 {[%emt 0:02:17]} Ne5 {[%emt 0:01:57]} 9. Nb5 {[%emt 0:03:53]} O-O {[%emt 0:06:19]} 10. Bxf6 Bxf6 {[%emt 0:01:51]} 11. dxe6 {[%emt 0:07:14]} Bxe6 {[%emt 0:01:12]} 12. a3 {[%emt 0:13:29]} d5 {[%emt 0:06:54]} 13. Nc7 {[%emt 0:12:50]} Rc8 {[%emt 0:03:01]} 14. Nxe6 {[%emt 0:08:27]} Rxc1 {[%emt 0:02:26]} 15. Qxc1 {[%emt 0:02:26]} fxe6 {[%emt 0:01:15]} 16. f4 {[%emt 0:01:44]} Nc6 {[%emt 0:06:33]} 17. e5 {[%emt 0:01:47]} Be7 {[%emt 0:01:36]} 18. Nf3 {[%emt 0:01:54]} Qb6 {[%emt 0:05:54]} 19. Qd2 {[%emt 0:01:52]} Bc5 {[%emt 0:04:16]} 20. g3 {[%emt 0:01:17]} Nd4 {[%emt 0:01:52]} 21. Nxd4 {[%emt 0:01:01]} Bxd4 {[%emt 0:00:28]} 22. Bh3 {[%emt 0:02:26]} Bxb2 {[%emt 0:04:24]} 23. Bxe6+ {[%emt 0:01:23]} Kh8 {[%emt 0:02:07]} 24. Ke2 {[%emt 0:04:55]} Rd8 {[%emt 0:03:57]} 25. Rb1 {[%emt 0:02:23]} Qxe6 {[%emt 0:01:13]} 26. Rxb2 {[%emt 0:00:12]} b6 {[%emt 0:01:49]} 27. Rc2 {[%emt 0:02:13]} Qd7 {[%emt 0:02:26]} 28. Qd3 {[%emt 0:00:40]} a5 {[%emt 0:03:07]} 29. Rb2 {[%emt 0:01:41]} Qc6 {[%emt 0:02:15]} 30. Qb5 {[%emt 0:00:45]} Qxb5+ {[%emt 0:04:48]} 31. Rxb5 {[%emt 0:00:16]} Rb8 {[%emt 0:00:15]} 32. Rxd5 {[%emt 0:00:05]} g6 {[%emt 0:00:57]} 33. Kd3 {[%emt 0:00:18]} b5 {[%emt 0:01:27]} 34. Kc3 {[%emt 0:00:47]} h5 {[%emt 0:01:33]} 35. Kb3 {[%emt 0:00:20]} Rb7 {[%emt 0:00:41]} 36. a4 {[%emt 0:00:18]} bxa4+ {[%emt 0:00:12]} 37. Kxa4 {[%emt 0:00:05]} Rb2 {[%emt 0:00:17]} 38. Kxa5 {[%emt 0:01:02]} Rxh2 {[%emt 0:00:36]} 39. Kb6 {[%emt 0:12:37]} Re2 {[%emt 0:01:21]} 40. Kc6 {[%emt 0:00:29]} Kg7 {[%emt 0:02:03]} 41. Kd7 {[%emt 0:00:13]} Kf7 {[%emt 0:01:09]} 42. Rd6 {[%emt 0:00:20]} Re3 {[%emt 0:02:09]} 43. Rf6+ {[%emt 0:01:16]} Kg7 {[%emt 0:01:24]} 44. Ke6 {[%emt 0:02:21]} Rxg3 {[%emt 0:01:21]} 45. Rf7+ {[%emt 0:01:49]} Kg8 {[%emt 0:00:54]} 46. Ke7 {[%emt 0:08:11]} h4 {[%emt 0:05:55]} 47. f5 {[%emt 0:00:22]} gxf5 {[%emt 0:01:26]} 48. Rxf5 {[%emt 0:00:06]} h3 {[%emt 0:01:27]} 49. Rh5 {[%emt 0:00:42]} Rg7+ {[%emt 0:00:21]} 50. Kf6 {[%emt 0:00:24]} Rh7 {[%emt 0:00:27]} 1/2-1/2

[Event "DMP-III LIGA Senior PK 2020"]
[Site "Bystre"]
[Date "2020.07.12"]
[Round "9.7"]
[White "Miasik, Adrian"]
[Black "Kopczyk, Daniel"]
[Result "0-1"]
[WhiteElo "1881"]
[BlackElo "2137"]
[Annotator "TA"]
[PlyCount "84"]
[EventDate "2020.07.05"]
[EventType "team-tourn"]
[EventCountry "POL"]
[SourceTitle "playchess.com"]
[Source "ChessBase"]
[SourceQuality "1"]

{[%evp 29,84,42,43,27,40,-12,-13,-6,27,18,0,0,3,0,60,60,46,-200,-181,-190,-180,-461,-446,-408,-343,-466,-290,-553,-633,-612,-612,-625,-621,-606,-613,-490,-416,-418,-411,-416,-401,-1071,-1061,-1229,-1221,-29992,-29993,-29996,-29978,-29982,-29983,-29976,-29978,-29985,-29984,-29997,-29998]} 1. d4 Nf6 2. c4 g6 3. Nf3 Bg7 4. Nc3 O-O 5. e4 d6 6. Be2 e5 7. O-O Nc6 8. d5 Ne7 9. Ne1 Nd7 10. Be3 f5 11. f3 f4 12. Bf2 g5 13. Nd3 Ng6 14. b4 Nf6 15. c5 h5 16. Rc1 {E99: King's Indian: Classical Main Line: 9 Ne1 Nd7 10 f3 f5.} g4 17. cxd6 ({White should play} 17. Rc2 $14) 17... cxd6 $11 18. Nb5 {Hoping for Nc7.The position is equal.} g3 19. hxg3 fxg3 20. Bxg3 Qb6+ 21. Kh1 {Strongly threatening Nc7.} Qxb5 (21... h4 $11 22. Nxe5 (22. Nc7 hxg3 23. Nxa8 Qe3 $19) 22... Nxe5) 22. Nxe5 $1 $14 Qe8 {[#]} 23. Nc4 $146 {[#] White does not recover from this.} (23. Bb5 $1 $14 {was the only good move.} Qxb5 24. Nxg6) ({Predecessor:} 23. Nxg6 Qxg6 24. Bxd6 Nxe4 25. fxe4 Rxf1+ 26. Qxf1 Qxd6 27. Bxh5 Bd7 28. Qf7+ Kh8 29. Bf3 {0-1 (37) Skreno,V-Simacek,P (2285) Hlohovec 1996}) 23... h4 $1 $19 {[%cal Rh4g3]} 24. Bxd6 Nh5 25. Bxf8 $2 (25. Rf2 {was worth a try.} Rf6 26. Bd3) 25... Ng3+ 26. Kg1 Qxf8 27. Rf2 Qf4 28. Bf1 $2 {[#]} (28. Qd2 h3 29. Qxf4 Nxf4 30. Bf1) 28... h3 $1 {[%mdl 512]} 29. gxh3 Qg5 30. Bg2 Nf4 31. Rcc2 Bxh3 32. Ne3 Bxg2 33. Rxg2 Nxg2 34. Nxg2 Qh5 {White must now prevent ...Qh1+.} 35. Rd2 (35. Qd3 $142 Rf8 36. f4) 35... Rf8 36. d6 Rxf3 {( -> ...Qh1#)} 37. Qxf3 Qxf3 {Black mates.} 38. d7 Bf6 39. d8=Q+ Bxd8 40. Rxd8+ Kf7 41. Rd7+ {[#]} Ke6 $1 42. Rxb7 Ne2+ {Accuracy: White = 34%, Black = 78%.} 0-1

[Event "DMP-III LIGA Senior PK 2020"]
[Site "Bystre"]
[Date "2020.07.12"]
[Round "9.9"]
[White "Babiarz, Arkadiusz"]
[Black "Futyma, Dawid"]
[Result "1-0"]
[WhiteElo "1840"]
[BlackElo "1278"]
[Annotator "NA RC"]
[PlyCount "26"]
[EventDate "2020.07.05"]
[EventType "team-tourn"]
[EventCountry "POL"]
[SourceTitle "playchess.com"]
[Source "ChessBase"]
[SourceQuality "1"]
[TimeControl "5400+30"]

1. e4 {[%emt 0:00:00]} e5 {[%emt 0:00:00]} 2. Nf3 {[%emt 0:00:00]} Nc6 {[%emt 0:00:00]} 3. Bc4 {[%emt 0:00:00]} Bc5 {[%emt 0:00:00]} 4. c3 {[%emt 0:00:04]} Nf6 {[%emt 0:01:07]} 5. d4 {[%emt 0:00:09]} exd4 {[%emt 0:00:17]} 6. e5 {[%emt 0:00:20]} Qe7 {[%emt 0:02:22]} 7. O-O {[%emt 0:01:07]} Ng4 {[%emt 0:01:20]} 8. cxd4 {[%emt 0:00:23]} Bb4 {[%emt 0:00:57]} 9. h3 {[%emt 0:00:36]} Nh6 {[%emt 0:00:25]} 10. a3 {[%emt 0:00:20]} Ba5 {[%emt 0:00:10]} 11. b4 {[%emt 0:00:16]} Bb6 {[%emt 0:00:13]} 12. d5 {[%emt 0:00:13]} Nd8 {[%emt 0:02:14]} 13. Nc3 {[%emt 0:00:23]} Qf8 {[%emt 0:00:55]} 1-0

[Event "DMP-III LIGA Senior PK 2020"]
[Site "Bystre"]
[Date "2020.07.12"]
[Round "9.10"]
[White "Szaro, Mariusz"]
[Black "Ziemniak, Piotr"]
[Result "1/2-1/2"]
[WhiteElo "1559"]
[BlackElo "1791"]
[Annotator "NA RC"]
[PlyCount "25"]
[EventDate "2020.07.05"]
[EventType "team-tourn"]
[EventCountry "POL"]
[SourceTitle "playchess.com"]
[Source "ChessBase"]
[SourceQuality "1"]
[TimeControl "5400+30"]

1. d4 {[%emt 0:00:00]} d6 {[%emt 0:00:00]} 2. Bf4 {[%emt 0:00:00]} Nf6 {[%emt 0:00:32]} 3. e3 {[%emt 0:00:58]} g6 {[%emt 0:00:38]} 4. h4 {[%emt 0:00:20]} Bg7 {[%emt 0:00:58]} 5. h5 {[%emt 0:00:17]} Bg4 {[%emt 0:00:58]} 6. f3 {[%emt 0:00:12]} Bd7 {[%emt 0:01:17]} 7. hxg6 {[%emt 0:00:04]} hxg6 {[%emt 0:01:04]} 8. Rxh8+ {[%emt 0:00:14]} Bxh8 {[%emt 0:00:05]} 9. Nc3 {[%emt 0:10:05]} Nc6 {[%emt 0:02:59]} 10. Bc4 {[%emt 0:06:03]} a6 {[%emt 0:03:11]} 11. Nge2 {[%emt 0:01:59]} e6 {[%emt 0:02:05]} 12. Bg5 {[%emt 0:00:42]} d5 {[%emt 0:06:44]} 13. Bb3 {[%emt 0:06:29]} 1/2-1/2

[Event "DMP-III LIGA Senior PK 2020"]
[Site "Bystre"]
[Date "2020.07.12"]
[Round "9.11"]
[White "Wozniak, Grzegorz"]
[Black "Dziura, Wiktor"]
[Result "1/2-1/2"]
[WhiteElo "1608"]
[BlackElo "1353"]
[Annotator "NA"]
[PlyCount "61"]
[EventDate "2020.07.05"]
[EventType "team-tourn"]
[EventCountry "POL"]
[SourceTitle "playchess.com"]
[Source "ChessBase"]
[SourceQuality "1"]
[TimeControl "5400+30"]

1. e4 {[%emt 0:00:00]} g6 {[%emt 0:00:00]} 2. d4 {[%emt 0:00:05]} Bg7 {[%emt 0:00:00]} 3. Nc3 {[%emt 0:00:43]} c5 {[%emt 0:00:25]} 4. Nf3 {[%emt 0:02:54]} cxd4 {[%emt 0:00:11]} 5. Nxd4 {[%emt 0:00:21]} Nc6 {[%emt 0:00:13]} 6. Be3 {[%emt 0:01:17]} Nf6 {[%emt 0:00:18]} 7. Nxc6 {[%emt 0:06:42]} bxc6 {[%emt 0:00:12]} 8. e5 {[%emt 0:00:20]} Ng8 {[%emt 0:02:46]} 9. f4 {[%emt 0:00:58]} e6 {[%emt 0:00:57]} 10. Qd2 {[%emt 0:02:09]} Ne7 {[%emt 0:00:22]} 11. Bd3 {[%emt 0:00:50]} d5 {[%emt 0:02:25]} 12. O-O-O {[%emt 0:11:44]} O-O {[%emt 0:02:24]} 13. Qf2 {[%emt 0:03:54]} Qa5 {[%emt 0:02:53]} 14. Bc5 {[%emt 0:03:33]} Re8 {[%emt 0:01:29]} 15. a3 {[%emt 0:05:03]} Ba6 {[%emt 0:06:10]} 16. g4 {[%emt 0:05:47]} Bh6 {[%emt 0:05:59]} 17. g5 {[%emt 0:05:54]} Bg7 {[%emt 0:00:51]} 18. Bb4 {[%emt 0:03:35]} Qb6 {[%emt 0:00:45]} 19. Qxb6 {[%emt 0:00:52]} axb6 {[%emt 0:00:58]} 20. Bxa6 {[%emt 0:03:24]} Rxa6 {[%emt 0:00:13]} 21. Bxe7 {[%emt 0:00:04]} Rxe7 {[%emt 0:00:07]} 22. h4 {[%emt 0:01:54]} h5 {[%emt 0:02:09]} 23. Rd4 {[%emt 0:03:11]} Rb7 {[%emt 0:01:17]} 24. Ra4 {[%emt 0:00:39]} Rba7 {[%emt 0:00:28]} 25. Rxa6 {[%emt 0:00:08]} Rxa6 {[%emt 0:00:04]} 26. Rd1 {[%emt 0:00:17]} Bf8 {[%emt 0:00:12]} 27. Ne2 {[%emt 0:02:59]} Ra4 {[%emt 0:02:08]} 28. Rd4 {[%emt 0:03:26]} Rxd4 {[%emt 0:00:51]} 29. Nxd4 {[%emt 0:00:17]} Bc5 {[%emt 0:03:22]} 30. c3 {[%emt 0:00:06]} Bxd4 {[%emt 0:00:46]} 31. cxd4 1/2-1/2

[Event "DMP-III LIGA Senior PK 2020"]
[Site "Bystre"]
[Date "2020.07.12"]
[Round "9.12"]
[White "Kruczek, Aleksandra"]
[Black "Polak, Sylwia"]
[Result "0-1"]
[WhiteElo "1038"]
[BlackElo "1614"]
[Annotator "NA"]
[PlyCount "76"]
[EventDate "2020.07.05"]
[EventType "team-tourn"]
[EventCountry "POL"]
[SourceTitle "playchess.com"]
[Source "ChessBase"]
[SourceQuality "1"]
[TimeControl "5400+30"]

1. d4 d5 2. Bf4 Nf6 3. Nf3 e6 4. Nbd2 c5 5. e3 Nc6 6. c4 cxd4 7. exd4 dxc4 8. Nxc4 Bb4+ 9. Bd2 Bxd2+ 10. Qxd2 O-O 11. Bd3 Nd5 12. a3 Qf6 13. Be4 Rd8 14. O-O Nf4 15. Rfd1 Nxd4 16. Nxd4 Rxd4 17. Qa5 g6 18. Nb6 Qd8 19. Bf3 Rxd1+ 20. Rxd1 Qxb6 21. Qxb6 axb6 22. Rd4 Nd5 23. h3 Ra5 24. g4 Bd7 25. Rd3 Bc6 26. b4 Ra8 27. h4 Nf4 28. Rc3 Bxf3 29. Rxf3 Nd5 30. Rg3 b5 31. h5 Nb6 32. h6 Kf8 33. f4 Nc4 34. f5 exf5 35. gxf5 Rxa3 36. Rg5 Rh3 37. f6 Rh5 38. Rxh5 gxh5 0-1

[Event "DMP-III LIGA Senior PK 2020"]
[Site "Bystre"]
[Date "2020.07.12"]
[Round "9.14"]
[White "Pasionek, Ariel"]
[Black "Baniak, Lukasz"]
[Result "1/2-1/2"]
[WhiteElo "1914"]
[BlackElo "1939"]
[Annotator "TA"]
[PlyCount "30"]
[EventDate "2020.07.05"]
[EventType "team-tourn"]
[EventCountry "POL"]
[SourceTitle "playchess.com"]
[Source "ChessBase"]
[SourceQuality "1"]

{[%evp 9,15,-8,0,5,0,10,6,9]} 1. e4 c5 2. Nf3 g6 3. Nc3 Bg7 4. Be2 Nc6 5. O-O Nf6 {The position is equal.} 6. d4 {B27: Sicilian: 2 Nf3, unusual Black 2nd moves.} cxd4 7. Nxd4 O-O 8. Nf3 {[#] An uneventful encounter.} {Predecessor:} d6 $146 9. a3 Bd7 10. Bf4 Rc8 11. Rb1 a6 12. Qd2 Na5 13. Bh6 Nc4 14. Bxc4 Rxc4 15. Bxg7 Kxg7 {1-0 (60) Mohamed,H (1780)-Jang,J (1638) Guangzhou 2010} 1/2-1/2

[Event "DMP-III LIGA Senior PK 2020"]
[Site "Bystre"]
[Date "2020.07.12"]
[Round "9.15"]
[White "Biesiadecki, Adam"]
[Black "Wojciechowski, Beniamin"]
[Result "1/2-1/2"]
[WhiteElo "1539"]
[BlackElo "1835"]
[Annotator "NA RC"]
[PlyCount "28"]
[EventDate "2020.07.05"]
[EventType "team-tourn"]
[EventCountry "POL"]
[SourceTitle "playchess.com"]
[Source "ChessBase"]
[SourceQuality "1"]
[TimeControl "5400+30"]

1. d4 {[%emt 0:00:00]} d5 {[%emt 0:00:00]} 2. c4 {[%emt 0:00:12]} c6 {[%emt 0:00:00]} 3. Nf3 {[%emt 0:00:06]} Nf6 {[%emt 0:00:00]} 4. g3 {[%emt 0:00:05]} Bf5 {[%emt 0:01:08]} 5. Bg2 {[%emt 0:00:44]} e6 {[%emt 0:00:09]} 6. O-O {[%emt 0:00:07]} Nbd7 {[%emt 0:01:04]} 7. Nbd2 {[%emt 0:01:36]} Be7 {[%emt 0:00:52]} 8. b3 {[%emt 0:00:54]} h6 {[%emt 0:00:33]} 9. Bb2 {[%emt 0:00:22]} O-O {[%emt 0:00:07]} 10. Re1 {[%emt 0:00:26]} Ne4 {[%emt 0:00:29]} 11. Ne5 {[%emt 0:00:46]} Nxd2 {[%emt 0:00:52]} 12. Qxd2 {[%emt 0:00:31]} Nxe5 {[%emt 0:00:19]} 13. dxe5 {[%emt 0:00:28]} dxc4 {[%emt 0:00:12]} 14. Qxd8 {[%emt 0:00:34]} Rfxd8 {[%emt 0:00:17]} 1/2-1/2

[Event "DMP-III LIGA Senior PK 2020"]
[Site "Bystre"]
[Date "2020.07.12"]
[Round "9.19"]
[White "Lach, Dariusz"]
[Black "Marut, Leszek"]
[Result "1/2-1/2"]
[WhiteElo "1748"]
[BlackElo "1863"]
[Annotator "NA"]
[PlyCount "72"]
[EventDate "2020.07.05"]
[EventType "team-tourn"]
[EventCountry "POL"]
[SourceTitle "playchess.com"]
[Source "ChessBase"]
[SourceQuality "1"]
[TimeControl "5400+30"]

1. d4 {[%emt 0:00:00]} d5 {[%emt 0:00:00]} 2. Nf3 {[%emt 0:00:10]} e6 {[%emt 0:00:26]} 3. e3 {[%emt 0:01:00]} Bd6 {[%emt 0:01:03]} 4. Bd3 {[%emt 0:02:47]} Nd7 {[%emt 0:00:54]} 5. b3 {[%emt 0:00:52]} f5 {[%emt 0:05:07]} 6. Bb2 {[%emt 0:01:53]} Ngf6 {[%emt 0:00:36]} 7. Nbd2 {[%emt 0:02:11]} c6 {[%emt 0:03:38]} 8. h3 {[%emt 0:01:33]} O-O {[%emt 0:01:51]} 9. O-O {[%emt 0:02:51]} Ne4 {[%emt 0:04:51]} 10. a4 {[%emt 0:07:26]} Qf6 {[%emt 0:09:44]} 11. Ba3 {[%emt 0:04:19]} Bxa3 {[%emt 0:03:39]} 12. Rxa3 {[%emt 0:01:31]} e5 {[%emt 0:01:22]} 13. Nxe5 {[%emt 0:04:37]} Nxe5 {[%emt 0:00:34]} 14. dxe5 {[%emt 0:00:14]} Qxe5 {[%emt 0:00:23]} 15. Nf3 {[%emt 0:01:20]} Qe7 {[%emt 0:05:08]} 16. Ra1 $11 {[%emt 0:02:31]} Be6 {[%emt 0:07:26]} 17. Nd4 {[%emt 0:08:33]} Rad8 {[%emt 0:02:31]} 18. Nxe6 {[%emt 0:05:51]} Qxe6 {[%emt 0:00:08]} 19. Bxe4 {[%emt 0:01:30]} fxe4 {[%emt 0:05:37]} 20. Qd4 {[%emt 0:00:46]} b6 {[%emt 0:02:52]} 21. b4 {[%emt 0:01:41]} Qd6 {[%emt 0:02:53]} 22. c3 {[%emt 0:02:04]} c5 {[%emt 0:02:34]} 23. Qd2 {[%emt 0:00:54]} d4 {[%emt 0:00:51]} 24. bxc5 {[%emt 0:01:30]} bxc5 {[%emt 0:00:06]} 25. cxd4 {[%emt 0:00:19]} cxd4 {[%emt 0:00:15]} 26. exd4 {[%emt 0:00:48]} Qxd4 {[%emt 0:00:12]} 27. Qxd4 {[%emt 0:00:48]} Rxd4 {[%emt 0:00:04]} 28. Ra2 {[%emt 0:00:19]} Rfd8 {[%emt 0:03:48]} 29. Re1 {[%emt 0:00:38]} Kf7 {[%emt 0:01:19]} 30. a5 {[%emt 0:00:13]} a6 {[%emt 0:02:05]} 31. Rb2 {[%emt 0:01:13]} Rd1 {[%emt 0:06:45]} 32. Kf1 {[%emt 0:02:28]} Rxe1+ {[%emt 0:00:47]} 33. Kxe1 {[%emt 0:00:05]} Rd5 {[%emt 0:00:04]} 34. Rb7+ {[%emt 0:00:46]} Kf8 {[%emt 0:00:29]} 35. Rb8+ {[%emt 0:00:12]} Kf7 {[%emt 0:00:03]} 36. Rb7+ {[%emt 0:00:09]} Kf8 {[%emt 0:00:01]} 1/2-1/2

[Event "DMP-III LIGA Senior PK 2020"]
[Site "Bystre"]
[Date "2020.07.12"]
[Round "9.20"]
[White "Dobrzanski, Krzysztof"]
[Black "Lach, Ireneusz"]
[Result "1/2-1/2"]
[WhiteElo "1722"]
[BlackElo "1897"]
[Annotator "NA RC"]
[PlyCount "111"]
[EventDate "2020.07.05"]
[EventType "team-tourn"]
[EventCountry "POL"]
[SourceTitle "playchess.com"]
[Source "ChessBase"]
[SourceQuality "1"]
[TimeControl "5400+30"]

1. d4 {[%emt 0:00:00]} Nf6 {[%emt 0:00:00]} 2. Nf3 {[%emt 0:00:00]} d6 {[%emt 0:00:30]} 3. c4 {[%emt 0:01:02]} Nbd7 {[%emt 0:00:22]} 4. Nc3 {[%emt 0:00:20]} e5 {[%emt 0:02:34]} 5. Bg5 {[%emt 0:02:07]} Be7 {[%emt 0:01:37]} 6. e3 {[%emt 0:02:13]} c6 {[%emt 0:04:51]} 7. Be2 {[%emt 0:02:38]} Qc7 {[%emt 0:05:42]} 8. h3 {[%emt 0:02:25]} O-O {[%emt 0:05:23]} 9. O-O {[%emt 0:04:12]} Re8 {[%emt 0:00:42]} 10. Rc1 {[%emt 0:03:30]} Nf8 {[%emt 0:11:22] [#] A54: Old Indian Defence with Nf3, but without e4.} 11. b4 $146 {[%emt 0:09:11]} ({Predecessor:} 11. Bxf6 Bxf6 12. Ne4 Be7 13. d5 c5 14. Qd2 f5 15. Nc3 e4 16. Nh2 Bf6 17. f4 exf3 18. Nxf3 {0-1 (48) De Souza Neto,H (1869)-Macedo,M (2036) Recife 2017}) 11... Ng6 {[%emt 0:00:40]} 12. d5 {[%emt 0:07:43]} Qd8 {[%emt 0:17:53]} 13. Qb3 {[%emt 0:05:21]} Bd7 {[%emt 0:14:32]} 14. Rfd1 {[%emt 0:06:56]} Qb8 {[%emt 0:14:52]} 15. Bxf6 {[%emt 0:07:11]} gxf6 {[%emt 0:02:25]} 16. Rd2 {[%emt 0:07:19]} Rc8 {[%emt 0:07:46]} 17. Rcd1 {[%emt 0:03:44]} c5 {[%emt 0:03:07]} 18. bxc5 {[%emt 0:02:28]} Rxc5 {[%emt 0:00:25]} 19. Ne4 {[%emt 0:02:02]} Rc8 {[%emt 0:00:46]} 20. Rb2 {[%emt 0:00:32]} b6 {[%emt 0:00:39]} 21. a4 {[%emt 0:00:42]} Qc7 {[%emt 0:00:20]} 22. Nfd2 {[%emt 0:04:37]} f5 {[%emt 0:00:33]} 23. Ng3 {[%emt 0:01:24]} Kh8 {[%emt 0:00:58]} 24. Qc2 {[%emt 0:00:51]} f4 {[%emt 0:00:32]} 25. Nf5 {[%emt 0:01:11]} fxe3 {[%emt 0:01:22]} 26. Nxe7 {[%emt 0:01:18]} exf2+ {[%emt 0:00:25]} 27. Kxf2 {[%emt 0:00:36]} Nxe7 {[%emt 0:00:07]} 28. Ne4 {[%emt 0:01:14]} f5 {[%emt 0:00:19]} 29. Nf6 {[%emt 0:02:04]} Rf8 $17 {[%emt 0:00:33]} 30. Nxd7 {[%emt 0:00:26]} Qxd7 {[%emt 0:00:07]} 31. Kg1 {[%emt 0:00:22]} Ng6 {[%emt 0:01:04]} 32. Bf1 {[%emt 0:01:28]} Rg8 {[%emt 0:01:39]} 33. a5 {[%emt 0:00:18]} Rab8 {[%emt 0:00:49]} 34. Rdb1 {[%emt 0:01:07]} Nf4 {[%emt 0:01:06]} 35. Kh2 {[%emt 0:00:23]} Qg7 {[%emt 0:00:36]} 36. Qf2 {[%emt 0:01:34]} Rbf8 {[%emt 0:00:36]} 37. axb6 {[%emt 0:00:46]} axb6 {[%emt 0:00:04]} 38. Rxb6 {[%emt 0:01:14]} Rf6 {[%emt 0:00:10]} 39. R1b2 {[%emt 0:01:40]} Rg6 {[%emt 0:00:22]} 40. c5 {[%emt 0:01:14]} dxc5 {[%emt 0:00:12]} 41. Rxg6 {[%emt 0:00:25]} Qxg6 {[%emt 0:00:26]} 42. Qxc5 {[%emt 0:00:33]} Qg3+ {[%emt 0:01:19]} 43. Kh1 {[%emt 0:00:31]} Qe1 {[%emt 0:00:49]} 44. Qb5 {[%emt 0:01:47]} Nh5 {[%emt 0:00:27]} 45. Kh2 {[%emt 0:01:07]} Ng3 {[%emt 0:00:33]} 46. Rb1 {[%emt 0:01:03]} Nxf1+ {[%emt 0:00:44]} 47. Qxf1 {[%emt 0:00:11]} Qxf1 {[%emt 0:00:32]} 48. Rxf1 {[%emt 0:00:07]} Rf8 {[%emt 0:00:31]} 49. Re1 {[%emt 0:00:07]} Re8 {[%emt 0:00:25]} 50. d6 {[%emt 0:01:34]} e4 {[%emt 0:00:34]} 51. Kg3 {[%emt 0:00:10]} Kg7 {[%emt 0:00:28]} 52. Kf4 {[%emt 0:01:07]} Kf6 {[%emt 0:00:08]} 53. d7 {[%emt 0:00:18]} Rd8 {[%emt 0:00:05]} 54. g4 {[%emt 0:00:04]} fxg4 {[%emt 0:00:13]} 55. hxg4 {[%emt 0:00:09]} Rxd7 {[%emt 0:00:07]} 56. Rxe4 {[%emt 0:00:05]} 1/2-1/2